History Quiz

Random History or Year Quiz

Historical Events of 1992 Quiz Stats

 Plays Quiz Updated Aug 3, 2017

Support Sporcle.
Go Orange.
Score 0/24 Timer 07:00
2 Plays Today
Date Answer % Correct
April 11The Walt Disney Company
93.5%
November 3Bill Clinton
91.5%
February 27Coffee
91%
February 1Cold War
90.9%
April 29Los Angeles
88.7%
July 25Barcelona
87.2%
March 25Cricket
82%
October 10AIDS
79.9%
May 22The Tonight Show
77.9%
March 30The Silence of the Lambs
75.1%
December 12Earthquake
74.2%
October 12Nobel Peace Prize
68%
Date Answer % Correct
December 17NAFTA
65.5%
July 5Andre Agassi
55.3%
January 27Macy's
53.8%
May 1827th
50.9%
June 22Nicholas II
47.5%
April 9Manuel Noriega
47.2%
August 22Hurricane Andrew
46.1%
November 25Czechoslovakia
43.5%
November 20Windsor Castle
39.6%
September 12Endeavour
30.5%
January 1Boutros Boutros-Ghali
19.4%
August 12John Cage
15.1%

You're not logged in!

Compare scores with friends on all Sporcle quizzes.
OR
Log In
Forgot?

From the Vault

Exponents Clickable Minefield Blitz

by rer2121

Only you have the powers to complete this exponential challenge!
Remove Ads.
Support Sporcle.
Get the best of Sporcle when you Go Orange. This ad-free experience offers more features, more stats, and more fun while also helping to support Sporcle. Thank you for becoming a member.

Show Comments

Extras

Top Quizzes Today


Score Distribution

Your Account Isn't Verified!

In order to create a playlist on Sporcle, you need to verify the email address you used during registration. Go to your Sporcle Settings to finish the process.

Report this User

Report this user for behavior that violates our Community Guidelines.

Details: